Normal view
MARC view
Entry Topical Term
001 - CONTROL NUMBER
- control field: 60011
003 - CONTROL NUMBER IDENTIFIER
- control field: OSt
005 - DATE AND TIME OF LATEST TRANSACTION
- control field: 20260408154445.0
008 - FIXED-LENGTH DATA ELEMENTS
- fixed length control field: 260408|| aca||aabn | a|a d
040 ## - CATALOGING SOURCE
- Original cataloging agency: OSt
- Transcribing agency: OSt
150 ## - HEADING--TOPICAL TERM
- Topical term or geographic name entry element: Female infanticide, Female foeticide, Sex determination, Selective abortion, Colonial and post-colonial India
670 ## - SOURCE DATA FOUND
- Source citation: Work cat.: (OSt): Prasad, Shweta 60010, From infanticide to foeticide: A study of femicide in India (with reference to Varanasi)
